Hóa đại cương : Giáo trình và bài tập
Tài liệu bao gồm các nội dung chính: phân tử với nhiều nguyên tử, nghiên cứu thực nghiệm, trạng thái, tinh thể thực, nhiệt động hóa học, định luatạ chuyển dịch cân bằng hóa học, nhiệt động học của sự oxi hóa, các hợp chất bậc hai của p...
Gespeichert in:
| 1. Verfasser: | |
|---|---|
| Format: | Buch |
| Sprache: | Undetermined |
| Veröffentlicht: |
Hà Nội
Giáo dục
1997
|
| Schlagworte: | |
| Tags: |
Tag hinzufügen
Keine Tags, Fügen Sie den ersten Tag hinzu!
|
| Thư viện lưu trữ: | Trung tâm Học liệu Trường Đại học Cần Thơ |
|---|
| LEADER | 00982nam a2200217Ia 4500 | ||
|---|---|---|---|
| 001 | CTU_19482 | ||
| 008 | 210402s9999 xx 000 0 und d | ||
| 020 | |c 8400 | ||
| 082 | |a 540 | ||
| 082 | |b D556/T.3 | ||
| 100 | |a Didier, René | ||
| 245 | 0 | |a Hóa đại cương : | |
| 245 | 0 | |b Giáo trình và bài tập | |
| 245 | 0 | |c René Didier; Nguyễn Đình Bằng...[et al.] dịch | |
| 260 | |a Hà Nội | ||
| 260 | |b Giáo dục | ||
| 260 | |c 1997 | ||
| 520 | |a Tài liệu bao gồm các nội dung chính: phân tử với nhiều nguyên tử, nghiên cứu thực nghiệm, trạng thái, tinh thể thực, nhiệt động hóa học, định luatạ chuyển dịch cân bằng hóa học, nhiệt động học của sự oxi hóa, các hợp chất bậc hai của phân tử. | ||
| 650 | |a Chemistry | ||
| 904 | |i Bạch Trúc | ||
| 980 | |a Trung tâm Học liệu Trường Đại học Cần Thơ | ||